Eintracht Trier Vereinslied - Statistiken

Allgemein
  • Dieses Quiz wurde 29 mal gespielt
  • Das Durchschnittsergebnis liegt bei 66 aus 165
Antwortstatistiken
Text/Wörter % Korrekt
E
95%
Eintracht
90%
Mir
85%
Trier
85%
A
80%
En
80%
Mao
75%
Se
75%
Für
70%
O
70%
Senn
70%
Em
65%
Uns
65%
Emmao
60%
Emmer
60%
Et
60%
Wat
60%
Ze
60%
ze
60%
Bleiwen
55%
Eich
55%
Ganz
55%
Mein
55%
Met
55%
Passeert
55%
Wie
55%
Bei
50%
Daobei
50%
Deich
50%
Egal
50%
Friehjao
50%
Heut
50%
Muuselstadion
50%
Nur
50%
Papp
50%
Su
50%
SVE
50%
Treu
50%
Genau
45%
Giehn
45%
Meinem
45%
On
45%
Als
40%
Giehn
40%
Schien
40%
Dajee
35%
Dao
35%
Die
35%
Eis
35%
Rejen
35%
Schnee
35%
Schon
35%
Siehn
35%
Wei
35%
Allegaoren
30%
Biwak
30%
Dää
30%
Jong
30%
Mao
30%
Seit
30%
Wech
30%
Zesamme
30%
Am
25%
D'n
25%
Gaang
25%
Geddet
25%
Hei
25%
Herz
25%
Je
25%
Ob
25%
Unser
25%
Fiewer
20%
Hei
20%
Tor
20%
Den
15%
Eh
15%
Jaohr
15%
Joahr
15%
Klaanen
15%
Klopft
15%
Laut
15%
Owen
15%
Schreit
15%
Voll
15%
Waoret
15%
100
10%
Ball
10%
Doch
10%
Effet
10%
End
10%
Faohn
10%
Gefaang
10%
Hammer
10%
Kämpfen
10%
Lieder
10%
Manch
10%
Nächsden
10%
Oder
10%
Renn
10%
Singen
10%
Törschie
10%
Vom
10%
Weht
10%
Weide
10%
Weider
10%
Auswärts
5%
Fest
5%
Haale
5%
Laaft
5%
Mem
5%
Offet
5%
Onnen
5%
Singt
5%
Semmer
0%
Keine übereinstimmenden Quizze gefunden
Verteilung der Resultate
Anzahl Personen mit jedem Resultat
Perzentil nach korrekt beantworteten Fragen
Ihre Resultats-Entwicklung
Sie haben dieses Quiz noch nicht gespielt